Ethnic Americans : a history of immigration /

Bibliographic Details
Main Author: Dinnerstein, Leonard
Other Authors: Reimers, David M.
Format: Book
Language:English
Published: New York : Columbia University Press, [1999]
Edition:4th ed.
Subjects:

MARC

Tag First Indicator Second Indicator Subfields
LEADER 00000cam a2200000 a 4500
001 in00001511684
005 20151021100930.0
008 980929s1999 nyu b 001 0 eng
010 |a  98042643  
015 |a GB99-X1005 
020 |a 0231111886 (cloth) 
020 |a 0231111894 (pbk.) 
035 |a (OCoLC)40043531 
035 |9 AJK9435AM 
040 |a DLC  |c DLC  |d UKM  |d C#P  |d TXA  |d UtOrBLW 
043 |a n-us--- 
049 |a TXAM 
050 0 0 |a E184.A1  |b D48 1999 
082 0 0 |a 305.8/00973  |2 21 
100 1 |a Dinnerstein, Leonard. 
245 1 0 |a Ethnic Americans :  |b a history of immigration /  |c Leonard Dinnerstein and David M. Reimers. 
250 |a 4th ed. 
264 1 |a New York :  |b Columbia University Press,  |c [1999] 
264 4 |c ©1999 
300 |a xii, 250 pages ;  |c 23 cm. 
336 |a text  |b txt  |2 rdacontent 
337 |a unmediated  |b n  |2 rdamedia 
338 |a volume  |b nc  |2 rdacarrier 
504 |a Includes bibliographical references (pages [207]-216) and index. 
651 0 |a United States  |x Ethnic relations. 
650 0 |a Ethnology  |z United States. 
651 0 |a United States  |x Emigration and immigration. 
650 0 |a Americanization. 
650 0 |a Immigrants  |z United States  |x History. 
650 4 |a Americanization. 
650 4 |a Ethnology  |z United States. 
650 4 |a Immigrants  |z United States  |x History. 
651 4 |a United States  |x Ethnic relations. 
651 4 |a United States  |x Emigration and immigration. 
700 1 |a Reimers, David M. 
948 |a c:jls 
999 |a MARS 
999 f f |s d454c3fd-e9c8-3e10-9c5a-b1feacd1a5d4  |i c169b369-dfb3-3011-b08f-456724d791bc  |t 0 
952 f f |p normal  |a Texas A&M University  |b College Station  |c Sterling C. Evans Library  |d Evans: Library Stacks  |t 0  |e E184.A1 D48 1999  |h Library of Congress classification  |i unmediated -- volume  |m A14825297491 
998 f f |a E184.A1 D48 1999  |t 0  |l Evans: Library Stacks